000 00413pab a2200145 454500
008 180718b1987 xxu||||| |||| 00| 0 eng d
100 _aAina, Sola
245 _aCriteria for evaluation of public programme in developing countries
260 _c1987
300 _a90-9
362 _aJun.
650 _aProject Management - Underdeveloped Areas
773 _aGreenhill Journal of Administration
909 _a16262
999 _c16262
_d16262